| 000 | 00982nac a22002531u 4500 | ||
|---|---|---|---|
| 010 | _a 2006937331 | ||
| 020 | _a9781412929905 | ||
| 020 | _a9781412929912 (pbk.) | ||
| 082 |
_a302.23 _bDEV |
||
| 090 |
_c8707 _d8707 |
||
| 100 | _aDevereux, Eoin. | ||
| 245 | 1 | 0 |
_aUnderstanding the media / _cEoin Devereux. |
| 250 | _a2nd ed. | ||
| 260 |
_aLos Angeles : _bSAGE Publications, _c.2007. |
||
| 300 |
_axvi, 259 p. : _bill. ; _c24 cm. |
||
| 500 | _aDistributer: Baccah. | ||
| 504 | _aIncludes bibliographical references and index. | ||
| 511 | _aCatalogued By: Mahitab. | ||
| 650 | 0 | _aMass media. | |
| 856 | 4 | 1 |
_3Table of contents only _uhttp://www.loc.gov/catdir/enhancements/fy0712/2006937331-t.html |
| 856 | 4 | 1 |
_3Publisher description _uhttp://www.loc.gov/catdir/enhancements/fy0712/2006937331-d.html |
| 942 |
_cBB _k302.23DEV |
||
| 999 |
_c8707 _d8707 |
||